000 00608nam a22002057a 4500
003 LK-CoMWRAF
005 20240611094340.0
008 240611b2012 |||||||| |||| 00| 0 eng d
020 _a9789555078344
040 _aLK-CoMWRAF
_dLK-CoMWRAF
_eLK-CoMWRAF
041 _aeng
082 _a305.8
_bMOH
100 _aMohideen, M.I.M.
245 _aA hand book to resolve Muslim grievances in Sri Lanka
260 _aColombo:
_bAl-Ceylan Muslim Documentation Centre-ACMDC,
_c2012
300 _axiii.;118 p., maps
650 _aMUSLIM COMMUNITY-Sri Lanka
650 _aGrievances-Muslims-Sri Lanka
942 _cBK
999 _c4906
_d4906